| 000 | 01180cam a2200349 a 4500 | ||
|---|---|---|---|
| 001 | 16826847 | ||
| 003 | OSt | ||
| 005 | 20210916113332.0 | ||
| 008 | 110614s2009 njua 001 0 eng | ||
| 010 | _a 2011411431 | ||
| 020 | _a9780470398746 | ||
| 038 | _akhadija | ||
| 040 |
_aDLC _cDLC _dDLC |
||
| 042 | _apcc | ||
| 050 | 0 | 0 |
_aQA303.2 _b.A57 2009 |
| 082 | 0 | 0 |
_a515 _223 _bANT |
| 100 | 1 |
_aAnton, Howard. _98661 |
|
| 245 | 1 | 0 |
_aCalculus : _bLate Transcendentals / |
| 250 |
_a9th ed. / _bHoward Anton, Irl Bivens, Stephen Davis. |
||
| 260 |
_aHoboken, NJ : _bJohn Wiley & Sons, _cc2010. |
||
| 300 |
_axix, 766, 82, 10p. : _bill. (some col.) ; _c27 cm. |
||
| 500 | _aIncludes index. | ||
| 563 | _apaperback | ||
| 650 | 0 |
_aCalculus _vTextbooks. _94507 |
|
| 700 | 1 |
_aBivens, Irl. _982482 |
|
| 700 | 1 |
_aDavis, Stephen, _d1952- _982483 |
|
| 856 | 4 | 2 |
_3Publisher description _uhttp://www.loc.gov/catdir/enhancements/fy1112/2011411431-d.html |
| 856 | 4 | 1 |
_3Table of contents only _uhttp://www.loc.gov/catdir/enhancements/fy1112/2011411431-t.html |
| 906 |
_a0 _bibc _corigcop _d2 _encip _f20 _gy-gencatlg |
||
| 942 |
_2ddc _cBK |
||
| 999 |
_c32860 _d32860 |
||